Države najbliže Srbiji - Jedan minut sprint - Statistics

General Stats
  • This quiz has been taken 1 442 times
    1 427 since last reset
  • The average score is 14 of 20
Answer Stats
km zemlja % Correct
0 Hrvatska
95%
0 Bosna i Hercegovina
94%
0 Rumunija
92%
0 Crna Gora
91%
0 Mađarska
90%
0 Bugarska
89%
38 Albanija
88%
0 Makedonija
86%
187 Slovenija
78%
114 Grčka
77%
0 Kosovo
62%
218 Austrija
61%
189 Slovačka
61%
311 Italija
58%
485 Njemačka
52%
333 Češka
49%
313 Turska
47%
435 Moldavija
41%
284 Ukrajina
38%
334 Poljska
35%
No matching quizzes found
Score Distribution
Percent of People with Each Score
Percentile by Number Answered
Your Score History
You have not taken this quiz since the last reset